Here You Come Again lyrics Quiz Stats

 Plays Quiz not verified by Sporcle

Also try: Batman Actors
Challenge
Share
Tweet
Embed
Score 0/155 Timer 05:00
0 Plays Today
% Correct
Here
100%
you
100%
come
100%
You
100%
the
100%
and
100%
Here
100%
you
100%
come
100%
you
100%
you
100%
and
100%
and
100%
I
100%
you
100%
you
100%
and
100%
you
100%
and
100%
a
100%
and
100%
Here
100%
you
100%
come
100%
a
100%
a
100%
and
100%
I
100%
here
100%
you
100%
come
100%
and
100%
here
100%
I
100%
here
100%
I
100%
And
100%
here
100%
I
100%
And
100%
here
100%
I
100%
Here
100%
you
100%
come
100%
and
100%
here
100%
I
100%
Here
100%
I
100%
again
98.5%
again
98.5%
% Correct
again
98.5%
again
98.5%
again
98.5%
my
97%
my
97%
my
97%
my
97%
my
97%
go
95.5%
go
95.5%
go
95.5%
go
95.5%
go
95.5%
go
95.5%
go
95.5%
just
93.9%
when
93.9%
to
93.9%
just
93.9%
just
93.9%
when
93.9%
to
93.9%
to
93.9%
just
93.9%
to
93.9%
to
93.9%
right
92.4%
do
92.4%
right
92.4%
in
90.9%
in
90.9%
All
89.4%
all
89.4%
all
89.4%
your
86.4%
about
86.4%
look
86.4%
so
86.4%
before
84.8%
I'm
84.8%
I'm
84.8%
is
84.8%
up
84.8%
up
84.8%
up
84.8%
up
84.8%
is
84.8%
get
81.8%
door
81.8%
that
81.8%
me
81.8%
that
81.8%
% Correct
like
80.3%
heart
80.3%
it
80.3%
smile
80.3%
smile
80.3%
it
80.3%
body
80.3%
you've
78.8%
done
78.8%
little
78.8%
there
78.8%
little
78.8%
has
78.8%
together
77.3%
than
77.3%
how
75.8%
gotta
75.8%
better
75.8%
myself
74.2%
while
74.2%
senses
74.2%
looking
74.2%
into
72.7%
leave
72.7%
mind
72.7%
know
72.7%
you're
71.2%
finger
69.7%
eyes
69.7%
'round
68.2%
make
68.2%
lie
68.2%
pretty
68.2%
pretty
68.2%
soon
66.7%
came
66.7%
defenses
66.7%
wrap
65.2%
without
65.2%
those
65.2%
lies
65.2%
wondering
65.2%
messing
65.2%
really
65.2%
I've
63.6%
doubt
62.1%
waltz
60.6%
work
60.6%
filling
60.6%
shaking
53%
begun
51.5%

You're not logged in!

Compare scores with friends on all Sporcle quizzes.
Join for Free
OR
Log In

You Might Also Like...

Show Comments

Extras

Top Quizzes Today


Score Distribution

Your Account Isn't Verified!

In order to create a playlist on Sporcle, you need to verify the email address you used during registration. Go to your Sporcle Settings to finish the process.

Report this User

Report this user for behavior that violates our Community Guidelines.

Details: